00400nam a2200097Ia 4500008004100000040002900041050002700070100002800097245014300125260003400268230222s9999||||xx |||||||||||||| ||und|| cChuka University Library aTHE HV 5824 bM38 2015 aMatiri, Francis Ngutiku 0aEffects of drug abuse on discipline and academic performance among secondary school students in Meru central subcounty, Meru county, Kenya aChuka UniversitybChukac2015